The selective environment (Record no. 57270)

MARC details
000 -LEADER
fixed length control field 00754nam a2200205 a 4500
008 - FIXED-LENGTH DATA ELEMENTS--GENERAL INFORMATION
fixed length control field 101115s2002 ||||||||||||||||| || u
020 ## - INTERNATIONAL STANDARD BOOK NUMBER
International Standard Book Number 0419235302
050 ## - LIBRARY OF CONGRESS CALL NUMBER
Classification number NA 2542.36 Haw
100 ## - MAIN ENTRY--PERSONAL NAME
Personal name Hawkes, Dean
245 14 - TITLE STATEMENT
Title The selective environment
Statement of responsibility, etc. Dean Hawkes, Jane McDonald and Koen Steemers
260 ## - PUBLICATION, DISTRIBUTION, ETC.
Place of publication, distribution, etc. London
Name of publisher, distributor, etc. Spon
Date of publication, distribution, etc. 2002
300 ## - PHYSICAL DESCRIPTION
Extent viii, 164p.: ill.
350 ## - PRICE (NR) (BK AM CF MU VM SE) [OBSOLETE]
Price 0.00
650 ## - SUBJECT ADDED ENTRY--TOPICAL TERM
Topical term or geographic name entry element SUSTAINABLE ARCHITECTURE
650 ## - SUBJECT ADDED ENTRY--TOPICAL TERM
Topical term or geographic name entry element ARCHITECTURAL DESIGN--EVALUATION
650 ## - SUBJECT ADDED ENTRY--TOPICAL TERM
Topical term or geographic name entry element ARCHITECTURE, MODERN--20TH CENTURY
700 ## - ADDED ENTRY--PERSONAL NAME
Personal name Steemers, Koen
700 ## - ADDED ENTRY--PERSONAL NAME
Personal name McDonald, Jane
995 ## - RECOMMENDATION 995 [LOCAL, UNIMARC FRANCE]
-- 0.00
-- CBU-MAIN LIBRARY (Kitwe)
-- 1
-- 0.00
-- 1
-- AVAILABLE
-- Dec 2, 2010
-- Main Library Open Access Collection
Holdings
Withdrawn status Lost status Source of classification or shelving scheme Damaged status Not for loan Home library Current library Shelving location Date acquired Total Checkouts Full call number Barcode Date last seen Price effective from Koha item type
          CBU-MAIN LIBRARY, KITWE. CBU-MAIN LIBRARY, KITWE.   11/30/2022   NA 2542.36 Haw 742261 11/30/2022 11/30/2022 MONOGRAPH